History of political theories : (Record no. 672)

MARC details
000 -LEADER
fixed length control field 00551cam a2200181ua 4500
008 - FIXED-LENGTH DATA ELEMENTS--GENERAL INFORMATION
fixed length control field 110419n ii |||gr||||Z||||||eng
040 ## - CATALOGING SOURCE
Transcribing agency MAIN
082 ## - DEWEY DECIMAL CLASSIFICATION NUMBER
Classification number 320.9
245 1# - TITLE STATEMENT
Title History of political theories :
Remainder of title From Rousseau to Spencer /
Statement of responsibility, etc. by William Archibald Dunning
250 ## - EDITION STATEMENT
Edition statement 2nd.
260 ## - PUBLICATION, DISTRIBUTION, ETC.
Place of publication, distribution, etc. Allahabad:
Name of publisher, distributor, etc. Central book depot,967.
300 ## - PHYSICAL DESCRIPTION
Extent 446p.:
Dimensions 25cm.
700 ## - ADDED ENTRY--PERSONAL NAME
Personal name Dunning, William Archibald.,
Relator term
942 ## - ADDED ENTRY ELEMENTS (KOHA)
Koha item type Books
653 ## - INDEX TERM--UNCONTROLLED
Uncontrolled term Political science
653 ## - INDEX TERM--UNCONTROLLED
Uncontrolled term History of political theories from Rousseau to Spencer
Holdings
Withdrawn status Lost status Damaged status Not for loan Home library Current library Shelving location Date acquired Total Checkouts Full call number Barcode Date last seen Copy number Price effective from Koha item type
        Central Library, Naharkatiya College Central Library, Naharkatiya College   19/09/2020   320.9 | DUN 460 19/09/2020 1 19/09/2020 Books

Naharkatiya College © 2020. All rights reserved.

Powered By